000 01301nam2a2200229 4500
001 rc\2961065
005 20260315061033.0
035 _a(NLR Aleph) 007107749
090 _a13605100
_c13605100
100 _a20110902d1933 u y0rusy50 ca
101 0 _arus
102 _aRU
105 _ay z |||||
200 1 _aИсследование по вопросу о повышении коэффициента полезного гребного колеса речного буксира
210 _d1933
461 0 _1001rc\2961057
_12001#$aТруды Института$eвып. 82-$fНаркомвод СССР. ЦНИВТ. Центр. науч.-исслед. ин-т водного транспорта$vВып. 90
_96735982
_aЦентральный научно-исследовательский институт водного транспорта (Ленинград)
_cЛенинград
_d1933
_fНаркомвод СССР. ЦНИВТ. Центр. науч.-исслед. ин-т водного транспорта
_nГострансиздат, Ленингр. отд-ние
_oвып. 82-
_tТруды Института
_vВып. 90
700 1 _aКабачинский
_bН.Н.
801 0 _aRU
_bNLR
_gpsbo
801 1 _aRU
_bELAR
_2rusmarc
852 _aNLR
_j34-19/181
942 _cUNSPEC
980 _aNB